Tourisme et Services lectures et lettre d'affaires
Gespeichert in:
| 1. Verfasser: | |
|---|---|
| Körperschaft: | |
| Weitere Verfasser: | , |
| Format: | Buch |
| Sprache: | Tschechisch Französisch |
| Veröffentlicht: |
Praha
Státní pedagogické nakladatelství
1982
|
| Tags: |
Keine Tags, Fügen Sie das erste Tag hinzu!
|
MARC
| LEADER | 00000nam a2200000 4500 | ||
|---|---|---|---|
| 001 | c131572 | ||
| 005 | 20190201112434.2 | ||
| 041 | 0 | |a cze | |
| 041 | 0 | |a fre | |
| 044 | |a CZ | ||
| 245 | 1 | 0 | |a Tourisme et Services |b lectures et lettre d'affaires |c Eva Špinková, Hana Loucká, Olga Velíšková |
| 264 | 1 | |a Praha |b Státní pedagogické nakladatelství |c 1982 | |
| 300 | |a 259 s. | ||
| 100 | 1 | |a Špinková, Eva | |
| 700 | 1 | |a Loucká, Hana | |
| 700 | 1 | |a Velíšková, Olga | |
| 710 | 2 | |a Vysoká škola ekonomická v Praze. Obchodní fakulta | |